ბათუმის შოთა რუსთაველის სახელმწიფო უნივერსიტეტის ბიბლიოთეკა

იმაგოლოგია კულტურათა დიალოგის თავისებურებანი : (ბიბ.ჩანაწერი № 56467)

000 -ლიდერი
ფიქსირებული სიგრძის საკონტროლო ველი 01523nam a2200277Ia 4500
001 - საკონტროლო ნომერი
საკონტროლო ველი 23580
003 - საკონტროლო ნომრის იდენტიფიკატორი
საკონტროლო ველი GE_BSU
005 - ბოლო ოპერაციის თარიღი და დრო
საკონტროლო ველი 20191007103729.0
008 - ფიქსირებული სიგრძის მონაცემთა ელემენტები - ზოგადი ინფორმაცია
ფიქსირებული სიგრძის საკონტროლო ველი 181216s2018||||ge |||||||||||||| ||geo||
020 ## - წიგნის საერთაშორისო სტანდარტული ნომერი
International Standard Book Number 9789941254314
040 ## - კატალოგიზაციის წყარო
Transcribing agency GE_BSU
041 ## - ენის კოდი
Language code of text/sound track or separate title geo
080 ## - უნივერსალური ათობითი კლასიფიკაციის ინდექსი
Universal Decimal Classification number 82-0 გ-22
100 ## - მთავარი ჩანაწერი - პიროვნების სახელი
Personal name გაფრინდაშვილი, ნ.
9 (RLIN) 4549
245 ## - ცნობა სათაურის შესახებ
Title იმაგოლოგია კულტურათა დიალოგის თავისებურებანი :
Remainder of title პოსტკოლონიური ქართული ლიტერატურის მაგალითზე /
Statement of responsibility, etc ნ. გაფრინდაშვილი ; მ . მირესაშვილი ; ნ . წერეთელი ; რედ : თ. კობახიძე.
264 ## - წარმოების, გამოცემის, დისტრიბუციის და სხვა ცნობები
გამოცემის, წარმოების, დისტრიბუციის... ადგილი თბილისი :
გამოცემის, წარმოების, დისტრიბუციის... სახელწოდება მერიდიანი,
გამოცემის, წარმოების, დისტრიბუციის... თარიღი 2018.
300 ## - ფიზიკური აღწერა
Extent 307 გვ .:
Dimensions 21 სმ.
504 ## - BIBLIOGRAPHY, ETC. NOTE
Bibliography, etc ბიბლ. ტექსტ. ბოლოს
653 ## - INDEX TERM--UNCONTROLLED
Uncontrolled term იმაგოლოგია კულტურათა დიალოგის თავისებურებანი
653 ## - INDEX TERM--UNCONTROLLED
Uncontrolled term ლიტმცოდნეობა
653 ## - INDEX TERM--UNCONTROLLED
Uncontrolled term პოსტკოლონიური ქართული ლიტერატურის მაგალითზე
700 ## - ADDED ENTRY--PERSONAL NAME
Personal name მირესაშვილი, მ
9 (RLIN) 4550
700 ## - ADDED ENTRY--PERSONAL NAME
Personal name წერეთელი, ნ
9 (RLIN) 4551
700 ## - ADDED ENTRY--PERSONAL NAME
Personal name კობახიძე, თ
Relator term რედაქტორი
9 (RLIN) 4552
942 ## - ADDED ENTRY ELEMENTS (KOHA)
Koha item type წიგნი
Source of classification or shelving scheme
ეგზემპლარები
ჩამოწერის სტატუსი დაკარგული ეგზემპლარის სტატუსი კლასიფიკაციის წყარო ან თაროზე გაწყობის სქემა დაზიანების სტატუსი არ გაიცემა მუდმივი მდებარეობა (დაცვის ადგილი) ამჟამინდელი ადგილსამყოფელი თაროზე განთავსების ადგილი შეძენის თარიღი ღირებულება, შესყიდვის ნორმალური ფასი სრული შენახვის შიფრი შტრიხკოდი ბოლო ოპერაციის თარიღი ეგზემპლარის მიმდევრობითი ნომერი (კეტერი?) ფასის ძალაში შესვლის თარიღი ეგზემპლარის სახეობა საჯარო შენიშვნა
          ბათუმის შოთა რუსთაველის სახელმწიფო უნივერსიტეტის მთავარი ბიბლიოთეკა ბათუმის შოთა რუსთაველის სახელმწიფო უნივერსიტეტის მთავარი ბიბლიოთეკა წიგნსაცავი 2018-12-17 7.00 82-0 გ-22 58759 2018-12-17 58759 2018-12-17 წიგნი 7.00
          ბათუმის შოთა რუსთაველის სახელმწიფო უნივერსიტეტის მთავარი ბიბლიოთეკა ბათუმის შოთა რუსთაველის სახელმწიფო უნივერსიტეტის მთავარი ბიბლიოთეკა წიგნსაცავი 2018-12-17 7.00 82-0 გ-22 58760 2018-12-17 58760 2018-12-17 წიგნი 7.00